Тайните на мутрите (Запис номер 89468)
[ съкратено ]
| 000 -Лидер | |
|---|---|
| Контролно поле с фиксирана дължина | 02290nam a2200421 c 4500 |
| 003 - Код на организацията, давaща контролен номер | |
| Контролно поле | BLK |
| 005 - Дата и час на последна редакция | |
| Контролно поле | 20230607172923.0 |
| 008 - Елементи от данни с фиксирана дължина | |
| fixed length control field | 180408b bul|||||r ||||||| ||bul|| |
| 010 ## - Наследен системен номер | |
| LC control number | KNG00094168000 |
| 020 ## - Международен стандартен номер на книга ISBN | |
| Международен стандартен номер на книга ISBN | 978-954-340-129-1 |
| -- | издат.: Ню медиа груп - на том(кн. 2) |
| 040 ## - Източник на каталожния запис | |
| Идентификатор на билиотеката - собственик на записа | BLK |
| 041 ## - Код за език | |
| Код за езика на текст/звукозапис или на отделно заглавие | Български |
| Код за езика КДБФ | Български |
| 080 ## - УДК | |
| Текстов определител УДК | Вътрешна политика. Вж и 329 |
| УДК код - определител по УДК | 323 |
| УДК определител | (497.2)(092)(0:82-3) |
| УДК - код + определител | 323(497.2)(092)(0:82-3) |
| 080 ## - УДК | |
| Текстов определител УДК | Специална част на наказателното право. Видове наказуеми действия - Срещу собствена или чужда държава и управлението, политически престъпления,геноцид(прав.аспекти), наркотрафик, против мира, обществен |
| УДК код - определител по УДК | 343.3/.7 |
| УДК определител | (497.2)(092)(0:82-3) |
| УДК - код + определител | 343.3/.7(497.2)(092)(0:82-3) |
| 080 ## - УДК | |
| Текстов определител УДК | Биографии |
| УДК код - определител по УДК | 929 |
| УДК определител | (497.2) |
| УДК - код + определител | 929(497.2) |
| 100 1# - Редна дума - Автор | |
| Автор | Цанков, Боби |
| Авторска отговорност | първи автор |
| Автор - информация (биография) | Цанков, Борис Николов |
| R(LIN) | 303103 |
| 139 ## - Редно поле | |
| Редна дума | Цанков, Борис Николов |
| Авторски знак | Цанк - Ц 17 |
| 245 10 - Сведения за заглавието | |
| Заглавие | Тайните на мутрите |
| Подзаглавни данни | В 2 кн. |
| Редно поле (дума) | Боби Цанков; * Борис Николов Цанков. |
| Том | Кн. 2 |
| Заглавие на том | Войната на наркотиците |
| 257 ## - Страна на издаване | |
| Страна на създаване/издаване | България |
| 260 ## - Област на издателските данни | |
| -- | София |
| Година на издаване | 2009 - |
| Печатница | София : Мултипринт |
| 300 ## - Физическа характеристика | |
| Размери/Мащаб | 20 см |
| 380 ## - Жанр | |
| Жанр | Обществени науки |
| 500 ## - Общи забележки | |
| Забележка | Пълното име на авт. е Борис Николов Цанков. - Офс. изд. |
| 650 #4 - Допълнително описание по предмет – тема | |
| Основно описание – тема или топоним | Мафия - България |
| 9 (RLIN) | 250884 |
| 650 #4 - Допълнително описание по предмет – тема | |
| Основно описание – тема или топоним | Престъпления и престъпници - България |
| 9 (RLIN) | 271494 |
| 651 #4 - Допълнително описание по предмет - топоним | |
| Географско понятие | България |
| 9 (RLIN) | 241624 |
| 653 ## - Ключова дума – ненормативна | |
| Ключова дума | мафия |
| 653 ## - Ключова дума – ненормативна | |
| Ключова дума | престъпления |
| 653 ## - Ключова дума – ненормативна | |
| Ключова дума | престъпници |
| 700 1# - Други автори (авторска отговорност) | |
| Лично име | Цанков, Борис Николов |
| Автороска отговорност (Описва отношението между автора и произведението) | * |
| 9 (RLIN) | 303102 |
| 760 1# - Описание на основната серия | |
| -- | - на том(кн. 2) |
| Редна дума на основното описание | Цанков, Боби |
| Място на издаване, издател и година | Ню медиа груп, 2010 |
| Страници - том | 224 с. |
| Заглавие | Кн. 2 Войната на наркотиците |
| 852 ## - Местоположение | |
| Форматна сигнатура | Цб 246215 |
| 856 4# - Електронен адрес и достъп | |
| Електронен формат | pdf - файл |
| Път до файла /url/ | |
| 856 4# - Електронен адрес и достъп | |
| Електронен формат | pdf - файл |
| Път до файла /url/ | |
| 942 ## - АРТИКУЛИ | |
| Вид на библиотечния материал | Книги |
| Скрит в OPAC | Не |
| Koha issues (borrowed), all copies | 7 |
| 944 ## - СЪЗДАВАНЕ И РЕДАКЦИЯ на ЗАПИСА | |
| Създаване/Редакция | Създаване |
| Дата на регистрацията/редакция | 09.02.2010 |
| Статус, дата на статуса | ф / |
| Служител, извършил регистрацията/редакцията | Наталия_Медовщикова |
| 944 ## - СЪЗДАВАНЕ И РЕДАКЦИЯ на ЗАПИСА | |
| Създаване/Редакция | Редакция |
| Дата на регистрацията/редакция | 21.06.2013 |
| Статус, дата на статуса | ф / |
| Служител, извършил регистрацията/редакцията | |
| 999 ## - СИСТЕМНИ КОНТРОЛНИ НОМЕРА | |
| Koha biblionumber | 89468 |
| Koha biblioitemnumber | 89468 |
| Код за отписване | Код за изгубен артикул | Код за повреда | Коз за рестрикции | Код за отдаване | Артикулен № | Име на библиотеката - собственик | Име на библиотеката, в която се намира в момента | Статус (Текущо местоположение) | Дата на вписване в системата | Местоположение - отдел | Цена в лева | Инвентарен номер | Систематично азбучна сигнатура | Баркод | Номер на екземпляра | Цена в евро | Служебна бележка | Служебен тип на артикула |
|---|---|---|---|---|---|---|---|---|---|---|---|---|---|---|---|---|---|---|
| Не е изгубен | Не е повреден | без рестрикции | заемане за дома | 144894 | Регионална библиотека "Любен Каравелов" Русе | Регионална библиотека "Любен Каравелов" Русе | Заемна - подръчен фонд | 2010-02-09 | Заемна - подръчен фонд | 5.00 | 120000742002 | П 323(497.2)(092)/Ц 17 | 120000742002 | 1 | 2.56 | Дост: Pk Вид: Ф N: 364 Дата: 09.02.2010 Дата инв: 02.02.2018 Бележки инв: П2018 | Книги | |
| Не е изгубен | Не е повреден | без рестрикции | заемане за дома | 144895 | Регионална библиотека "Любен Каравелов" Русе | Регионална библиотека "Любен Каравелов" Русе | Заемна - подръчен фонд | 2010-02-09 | Заемна - подръчен фонд | 5.00 | 120000742003 | П 323(497.2)(092)/Ц 17 | 120000742003 | 2 | 2.56 | Дост: Pk Вид: Ф N: 364 Дата: 09.02.2010 Дата инв: 02.02.2018 Бележки инв: П2018 | Книги | |
| Не е изгубен | Не е повреден | без рестрикции | ползва се в читалня | 144896 | Регионална библиотека "Любен Каравелов" Русе | Регионална библиотека "Любен Каравелов" Русе | Хранилище | 2011-11-10 | Хранилище | 5.00 | 120000754221 | Цб 246215 | 120000754221 | 3 | 2.56 | Дост: Dp Вид: Д N: 13 Дата: 28.03.2011 | Книги | |
| Не е изгубен | Не е повреден | без рестрикции | заемане за дома | 144897 | Регионална библиотека "Любен Каравелов" Русе | Регионална библиотека "Любен Каравелов" Русе | Заемна - подръчен фонд | 2013-03-01 | Заемна - подръчен фонд | 5.00 | 120000764575 | П 323(497.2)(092)/Ц 17 | 120000764575 | 4 | 2.56 | Дост: DA Вид: А N: 3 Дата: 01.03.2013 Дата инв: 02.02.2018 Бележки инв: П2018 | Книги |